000
00332cam a2200145ua 4500
041
_a
hin
_h
082
_a
891.43
_b
DUN/HI
100
_a
Dunichand, .
245
_a
hindi vyakaran /
_c
Dunichand.
_h
Textual Documents
260
_a
:
_b
Dunichand ,
_c
1962.
300
_a
370 ; .
504
_a
942
_c
BK
999
_c
12283
_d
12283